000 00625cam a2200193 a 4500
001 000009853
005 20200929161731.0
008 920123s1988 txu 000 f spa
020 _a0311370276
040 _aDO-SdBNP
_bspa
_cBNPHU
082 _aA863.44
_bK965C
100 1 _aKunsch de Sokoluk, María Cristina.
_924782
245 1 0 _aCartas de Ester /
_cMaría Cristina Kunsch de Sokoluk.
260 _aEl Paso, Tx. :
_bMundo Hispano,
_c1988.
300 _a110 p. ;
_c18 cm.
650 4 _aNovela argentina
_93941
650 4 _aLiteratura argentina
_ySIGLO XX
_914711
740 0 _aFascinante novela basada en un hecfo historico.
999 _c9612
_d9612